| 000 | 00714nam a2200229 a 4500 | ||
|---|---|---|---|
| 008 | 951214s1988||||[C 0 slo c | ||
| 020 |
_c49 Kčs. _q(2500 výtl.) |
||
| 040 |
_aSNK _bslo _cSNK _eAACR2 |
||
| 041 | 1 |
_aslo _hslo |
|
| 044 |
_axo _cSK |
||
| 080 | _a70.1 | ||
| 100 | 1 |
_aPetránsky, Ľudo _4aut |
|
| 245 | 1 | 0 |
_aPrincípy moderného umenia _cĽudo Petránsky ; Vladislav Rostoka, Tatiana Vančová |
| 250 | _a1., vyd. | ||
| 260 |
_aBratislava _bSmena _c1988 _eMartin _fTlačiarne SNP |
||
| 300 |
_a272 s., 25,20 AH _c25 cm |
||
| 490 | 0 | _aKrižovatky | |
| 500 | _aFot. na front. Men reg. Rus., nem. a angl. res. | ||
| 700 | 1 |
_aRostoka, Vladislav _4bkd |
|
| 700 | 1 |
_aVančová, Tatiana _4oth |
|
| 958 | _aA | ||
| 999 |
_c14982 _d14982 |
||